000 00331nam a2200121 i 4500
001 bg
245 0 _aPrawa i wolności obywatelskie w państwach kapitalistycznych /
_cpr. zbior. p red. W. Góralskiego.
260 _aWarszawa,
_c1979.
040 _cBPK
041 _apol
942 _cKS
008 s pl f |000 0 pol
999 _c18944
_d18944
856 _uhttp://koha.tu.koszalin.pl/cgi-bin/koha/opac-detail.pl?biblionumber=18944
_yKatalog online BPK